Learning Resource and Development

Candide, Zadig, and selected stories / (Record no. 19267)

MARC details
000 -LEADER
fixed length control field 01691cam a2200325Ii 4500
001 - CONTROL NUMBER
control field candidezadigsele00volt
003 - CONTROL NUMBER IDENTIFIER
control field CaSfIA
005 - DATE AND TIME OF LATEST TRANSACTION
control field 20230525154849.0
007 - PHYSICAL DESCRIPTION FIXED FIELD--GENERAL INFORMATION
fixed length control field cr||||
008 - FIXED-LENGTH DATA ELEMENTS--GENERAL INFORMATION
fixed length control field 780329s1961 nyu 000 0 eng d
040 ## - CATALOGING SOURCE
Original cataloging agency ZEM
Transcribing agency ZEM
Modifying agency OCL
-- BHA
-- BGU
-- OCLCQ
-- YDXCP
-- OCLCG
-- AU@
-- CaSfIA
019 ## -
-- 6684382
035 ## - SYSTEM CONTROL NUMBER
System control number (OCoLC)3759553
Canceled/invalid control number (OCoLC)6684382
050 #4 - LIBRARY OF CONGRESS CALL NUMBER
Classification number PQ2081.E5
Item number F7 1961
082 04 - DEWEY DECIMAL CLASSIFICATION NUMBER
Classification number 843.5
Edition number 19
029 1# - OTHER SYSTEM CONTROL NUMBER (OCLC)
OCLC library identifier AU@
System control number 000005204287
029 1# - OTHER SYSTEM CONTROL NUMBER (OCLC)
OCLC library identifier UNITY
System control number 059446455
029 1# - OTHER SYSTEM CONTROL NUMBER (OCLC)
OCLC library identifier UKDGL
System control number K9733
100 1# - MAIN ENTRY--PERSONAL NAME
Personal name Voltaire,
Dates associated with a name 1694-1778.
245 10 - TITLE STATEMENT
Title Candide, Zadig, and selected stories /
Medium [electronic resource]
Statement of responsibility, etc. Voltaire ; translated with an introd. by Donald M. Frame.
260 ## - PUBLICATION, DISTRIBUTION, ETC.
Place of publication, distribution, etc. New York :
Name of publisher, distributor, etc. New American Library,
Date of publication, distribution, etc. 1961.
300 ## - PHYSICAL DESCRIPTION
Extent xiv, 351 p. ;
Dimensions 18 cm.
490 0# - SERIES STATEMENT
Series statement Signet classic ;
Volume/sequential designation CD-35
505 0# - FORMATTED CONTENTS NOTE
Formatted contents note Candide -- Zadig -- Micromegas -- The world as it is -- Memnon -- Bababec and the Fakirs -- History of Scarmentado's travels -- Plato's dream -- Account of the sickness, confession, death, and apparition of the Jesuit Berthier -- Story of a good Brahman -- Jeannot and Colin -- An Indian adventure -- Ingenuous -- The one-eyed porter -- Memory's adventure -- Count Chesterfield's ears and Chaplain Goodman.
700 1# - ADDED ENTRY--PERSONAL NAME
Personal name Frame, Donald Murdoch,
Dates associated with a name 1911-1991.
740 0# - ADDED ENTRY--UNCONTROLLED RELATED/ANALYTICAL TITLE
Uncontrolled related/analytical title Zadig.
776 08 - ADDITIONAL PHYSICAL FORM ENTRY
Relationship information Online version:
Main entry heading Voltaire, 1694-1778.
Title Candide, Zadig, and selected stories.
Place, publisher, and date of publication New York : New American Library, 1961
Record control number (OCoLC)605055570
856 41 - ELECTRONIC LOCATION AND ACCESS
Uniform Resource Identifier <a href="http://www.archive.org/details/candidezadigsele00volt">http://www.archive.org/details/candidezadigsele00volt</a>
Public note Free eBook from the Internet Archive
856 42 - ELECTRONIC LOCATION AND ACCESS
Uniform Resource Identifier <a href="http://www.openlibrary.org/books/OL24591297M">http://www.openlibrary.org/books/OL24591297M</a>
Public note Additional information and access via Open Library
Holdings
Withdrawn status Lost status Damaged status Not for loan Collection Home library Current library Date acquired Total Checkouts Date last seen Price effective from Koha item type
        Project Gutenberg Main Library Main Library 05/25/2023   05/25/2023 05/25/2023 EBooks